000 00607nam a2200205Ia 4500
005 20250923150022.0
008 008 250917s9999 xx 000 0 eng d
037 _aTextual
040 _aDSWL
_beng
_cDSWL
041 _aeng
_2eng
084 _aW,640aYX;1-m7, N99
_qDSWL
100 _aOldenburg, Philip
_9841349
245 0 _aNon-Governmental organisations and Panchayati Raj
_c by Philip Oldenburg
260 _aNew Delhi
_b Aprla Pub.
_c1999
300 _aii,27 p.
365 _aINR
_b50.00
925 _g50.00
942 _cTEXL
_hW,640aYX;1-m7, N99
999 _c1458560
_d1458560